Scandinavia Quiz - Statistics

General Stats
  • This quiz has been taken 49 times
  • The average score is 11 of 21
Answer Stats
Hint Answer % Correct
16) Denmark owns this massive island to the west ofIceland Greenland
89%
11) Norway is known for these, narrow waterwayssurrounded by high cliffs formed by glaciers Fjords
81%
14) 2nd largest city in Sweden Gothenburg
81%
3) The Oresund Bridge connects Copenhagento this Swedish city Malmo
81%
20) 2nd largest city in Norway Bergen
79%
13) These islands north of Scotland are an autonomousregion of Denmark Faroe
72%
15) Currency used in Sweden Krona
70%
9) 2nd biggest city in Denmark Aarhus
60%
8) Major Norwegian city above the Arctic circle,also called the Gateway to the Arctic Tromso
53%
10) 3rd biggest city in Finland Tampere
51%
5) Large island between Sweden and Latviain the Baltic Sea Gotland
49%
1) This remote Arctic town lies on Svalbardisland in far north Norway Longyearbyen
47%
15) 4th largest city in Norway on its southwest peninsula Stavanger
45%
7) Large enclosed gulf between Sweden and Finland Bothnia
38%
6) Capital of the above island Visby
38%
4) Finnish city on the Arctic circle, the capitalof the Lapland region and home of Santa Rovaniemi
36%
18) 2nd largest city in Finland Espoo
34%
17) Far northeastern Norwegian city on the Russian border Kirkenes
21%
2) Often called the "capital of northern Iceland" Akureyri
17%
12) This famous church in Reykjavik features largespires as one of the tallest buildings in Iceland Hallgrimskirkja
13%
19) Remote town on the Westfjords region of northwestIceland Isafjordur
4%
No matching quizzes found
Score Distribution
Percent of People with Each Score
Percentile by Number Answered
Your Score History
You have not taken this quiz